Wolf speaker (Record no. 137506)

000 -LEADER
fixed length control field 00298nam a2200121Ia 4500
008 - FIXED-LENGTH DATA ELEMENTS--GENERAL INFORMATION
fixed length control field 220120s9999||||xx |||||||||||||| ||und||
082 ## - DEWEY DECIMAL CLASSIFICATION NUMBER
Classification number 823
100 ## - MAIN ENTRY--PERSONAL NAME
Personal name Pierce, Tamora
9 (RLIN) 11959
245 #0 - TITLE STATEMENT
Title Wolf speaker
260 ## - PUBLICATION, DISTRIBUTION, ETC.
Place of publication, distribution, etc. Random House
Name of publisher, distributor, etc. Bangalore
Date of publication, distribution, etc. 1997
300 ## - PHYSICAL DESCRIPTION
Extent 230p.
Other physical details 160
650 ## - SUBJECT ADDED ENTRY--TOPICAL TERM
Topical term or geographic name entry element MECHANICHAL
Holdings
Withdrawn status Lost status Damaged status Not for loan Collection code Home library Current library Date acquired Total Checkouts Full call number Barcode Date last seen Date last checked out Price effective from Koha item type
        Humanity Science Central Library Central Library 01/20/2022 1 823 PIE GF1365 12/29/2022 12/12/2022 01/20/2022 Gift Books

Powered by Koha